“麻花”地点数量≥80的地级行政区 Prefectures with ≥80 "Mahua" sites - Statistics

General Stats
  • This quiz has been taken 6 times
  • The average score is 14 of 21
Answer Stats
地级行政区 数量 % Correct
天津 450
100%
北京 238
100%
上海 147
100%
西安 442
83%
重庆 291
83%
咸阳 147
83%
太原 106
83%
武汉 201
67%
成都 149
67%
长春 111
67%
沈阳 104
67%
哈尔滨 95
67%
宝鸡 92
67%
青岛 82
67%
运城 375
50%
临汾 135
50%
洛阳 119
50%
三门峡 87
50%
临沂 106
33%
榆林 85
33%
商丘 94
17%
No matching quizzes found
Score Distribution
Percent of People with Each Score
Percentile by Number Answered
Your Score History
You have not taken this quiz